ბათუმის შოთა რუსთაველის სახელმწიფო უნივერსიტეტის ბიბლიოთეკა

მცირე პროზა ანუ ესეისტური ჩანაწერები / (ბიბ.ჩანაწერი № 39915)

000 -ლიდერი
ფიქსირებული სიგრძის საკონტროლო ველი 00959nam a2200229Ia 4500
001 - საკონტროლო ნომერი
საკონტროლო ველი 6520
003 - საკონტროლო ნომრის იდენტიფიკატორი
საკონტროლო ველი GE_BSU
005 - ბოლო ოპერაციის თარიღი და დრო
საკონტროლო ველი 20191021150019.0
008 - ფიქსირებული სიგრძის მონაცემთა ელემენტები - ზოგადი ინფორმაცია
ფიქსირებული სიგრძის საკონტროლო ველი 181216s1986||||ge |||||||||||||| ||geo||
040 ## - კატალოგიზაციის წყარო
Transcribing agency GE_BSU
041 ## - ენის კოდი
Language code of text/sound track or separate title geo
080 ## - უნივერსალური ათობითი კლასიფიკაციის ინდექსი
Universal Decimal Classification number 821.353.1-32 ბ-95
100 ## - მთავარი ჩანაწერი - პიროვნების სახელი
Personal name ბუაჩიძე, თენგიზ
9 (RLIN) 4901
245 ## - ცნობა სათაურის შესახებ
Title მცირე პროზა ანუ ესეისტური ჩანაწერები /
Statement of responsibility, etc თენგიზ ბუაჩიძე ; გამომც. რედ. ლ. თურმანიძე.
264 ## - წარმოების, გამოცემის, დისტრიბუციის და სხვა ცნობები
გამოცემის, წარმოების, დისტრიბუციის... ადგილი თბილისი :
გამოცემის, წარმოების, დისტრიბუციის... სახელწოდება მერანი ;
გამოცემის, წარმოების, დისტრიბუციის... თარიღი 1986.
300 ## - ფიზიკური აღწერა
Extent 231გვ;20სმ.
653 ## - INDEX TERM--UNCONTROLLED
Uncontrolled term მცირე პროზა ანუ ესეისტური ჩანაწერები
653 ## - INDEX TERM--UNCONTROLLED
Uncontrolled term პროზა
653 ## - INDEX TERM--UNCONTROLLED
Uncontrolled term ჩანაწერები
700 ## - ADDED ENTRY--PERSONAL NAME
Personal name თურმანიძე, ლ.
Relator term რედაქტორი
9 (RLIN) 1756
942 ## - ADDED ENTRY ELEMENTS (KOHA)
Koha item type წიგნი
Source of classification or shelving scheme
ეგზემპლარები
ჩამოწერის სტატუსი დაკარგული ეგზემპლარის სტატუსი კლასიფიკაციის წყარო ან თაროზე გაწყობის სქემა დაზიანების სტატუსი არ გაიცემა მუდმივი მდებარეობა (დაცვის ადგილი) ამჟამინდელი ადგილსამყოფელი თაროზე განთავსების ადგილი შეძენის თარიღი ღირებულება, შესყიდვის ნორმალური ფასი სრული შენახვის შიფრი შტრიხკოდი ბოლო ოპერაციის თარიღი ეგზემპლარის მიმდევრობითი ნომერი (კეტერი?) ფასის ძალაში შესვლის თარიღი ეგზემპლარის სახეობა საჯარო შენიშვნა
          ბათუმის შოთა რუსთაველის სახელმწიფო უნივერსიტეტის მთავარი ბიბლიოთეკა ბათუმის შოთა რუსთაველის სახელმწიფო უნივერსიტეტის მთავარი ბიბლიოთეკა წიგნსაცავი 2018-12-17 1.30 821.353.1-32 ბ-95 14163 2018-12-17 14163 2018-12-17 წიგნი 1.30 ლ.
          ბათუმის შოთა რუსთაველის სახელმწიფო უნივერსიტეტის მთავარი ბიბლიოთეკა ბათუმის შოთა რუსთაველის სახელმწიფო უნივერსიტეტის მთავარი ბიბლიოთეკა წიგნსაცავი 2018-12-17 1.30 821.353.1-32 ბ-95 14164 2018-12-17 14164 2018-12-17 წიგნი 1.30 ლ.
          ბათუმის შოთა რუსთაველის სახელმწიფო უნივერსიტეტის მთავარი ბიბლიოთეკა ბათუმის შოთა რუსთაველის სახელმწიფო უნივერსიტეტის მთავარი ბიბლიოთეკა წიგნსაცავი 2018-12-17 1.30 821.353.1-32 ბ-95 14165 2018-12-17 14165 2018-12-17 წიგნი 1.30 ლ.